000 00684nam a2200217 a 4500
003 BD-DhJNU
005 20241205042843.0
008 230904s20232009bg g b 000 0 eng d
020 _a9843000027827
040 _aBD-DhJNU
_bENG
_cBD-DhJNU
_dBD-DhJNU
082 0 4 _a345.05 BOP
_23
100 1 _aBorhanuddin, A.R.M.
245 1 0 _aThe penal code, 1860 :
_ba comprehensive section analysis and case-laws thereof /
_cA.R.M. Borhanuddin
260 0 4 _aDhaka :
_bUniversity Publiations;
_bTitu Publications,
_c2023.
300 _a838 p. ;
_c22 cm
504 _aincludes bibliographical references
650 _aLaw
650 _aCriminal law
700 1 _aIslam, Khairul
_eEditor
942 _cBK
999 _c968
_d968